• 首页
  • 本馆介绍
  • 公告通知
  • 最新文献
  • 馆藏检索
  • 电子资源
  • 读者导购
  • 参考咨询
  • 我的图书馆
  • 登录
  • 详细信息显示
  • 放入我的书架
  • 预约/预借图书
  • 作者相关作品
  • 分类相关作品
  • 丛书相关作品
  • 出版社相关作品

书目信息

  • 表格格式
  • 工作单格式
  • 卡片格式
题名:
二十世纪古史研究反思录
    
 
作者: 常金仓 著
分册:  
出版信息: 北京   中国社会科学出版社  2005
页数: 354页
开本: 21cm
丛书名:
单 册:
中图分类: K091
科图分类:
主题词: 古代史--研究--世界--二十世纪
电子资源:
ISBN: 7-5004-5235-7
000 01190nam0 2200313 450
000 01153nam0 2200301 450
000 01123nam0 2200301 450
000 01069nam0 2200277 450
000 01087nam0 2200265 450
000 01050nam0 2200253 45
001 TS2006042410
005 20061226165213.84
010    @a7-5004-5235-7@dCNY26.00
100    @a20060829d2005 ekmy0chiy0120 ea
101 0  @achi
102    @aCN@b110000
105    @ay z 000yy
200 1  @a二十世纪古史研究反思录@AEr Shi Shi Ji Gu Shi Yan Jiu Fan Si Lu@f常金仓著@FChang Jin Cang Zhu
210    @a北京@c中国社会科学出版社@d2005
215    @a354页@d21cm
320    @a有书目
330    @a本书是常金仓教授20世纪中国古史研究反思录专著。全书25篇,分6部分。主要内容包括关于史学总体理论问题、历史传说的研究、宗教和神话的思考、古代思想史探讨、我国早期国家社会制度研究等。该书对中国古代史研究具有重要理论参考价值。
606 0  @a古代史@x研究@y世界@z二十世纪
690    @aK091@v4
701  0 @a常金仓@AChang Jin Cang@4著
801  0 @aCN@b中图数据@c20061226
905    @a10447@dK091@e47
    
    二十世纪古史研究反思录/常金仓著.-北京:中国社会科学出版社,2005
    354页;21cm
    
    
    ISBN 7-5004-5235-7:CNY26.00
    本书是常金仓教授20世纪中国古史研究反思录专著。全书25篇,分6部分。主要内容包括关于史学总体理论问题、历史传说的研究、宗教和神话的思考、古代思想史探讨、我国早期国家社会制度研究等。该书对中国古代史研究具有重要理论参考价值。
●
相关链接 在E读中查询图书 在五车中查询图书 在当当中查询图书 在豆瓣中查询图书


正题名:二十世纪古史研究反思录     索取号:K091/47         预约/预借

序号 登录号 条形码 馆藏地/架位号 状态 备注
1 0607605   206076057   第二样本阅览室/ [索取号:K091/47] 在馆    
2 0607606   206076066   第二借阅区/ [索取号:K091/47] 在馆    
3 0607607   206076075   第二借阅区/ [索取号:K091/47] 在馆    
4 0607608   206076084   第二借阅区/ [索取号:K091/47] 在馆    
5 0607609   206076093   第二借阅区/ [索取号:K091/47] 在馆    
唐山师范学院图书馆 欢迎您!
大连网信软件有限公司© 版权所有